| 000 | 00661nam a22002770a 4500 | ||
|---|---|---|---|
| 001 | PT52180 | ||
| 003 | AR-LpoUNG | ||
| 005 | 20210131231457.0 | ||
| 008 | 191001s2005||||ag |||||||||||||||||spa d | ||
| 020 |
_a9504914330 _c$37 |
||
| 040 |
_aAR-LpoUNG _bspa _cAR-LpoUNG _eaacr |
||
| 041 | _aspa | ||
| 044 | _aag | ||
| 082 | 0 | _aA863 21lag | |
| 100 | 1 | _aKaufmann, Paola | |
| 245 | 1 | 3 | _aEl lago |
| 250 | _a1§ ed. | ||
| 260 |
_aBuenos Aires : _bPlaneta, _cnoviembre 2005. |
||
| 300 |
_a331 p. : _bil., gráfs. |
||
| 650 | 4 | _aARGENTINA | |
| 650 | 4 | _aLITERATURA | |
| 650 | 4 | _aNOVELAS | |
| 653 | _aLITERATURA ARGENTINA | ||
| 905 | _a52180 | ||
| 942 | _cLIB | ||
| 999 |
_c10291 _d10291 |
||